Nemáme na vybranou /
Psychologická novela, ve které dva mladí hrdinové hledají v nové vlasti svou identitu.
Uloženo v:
| Hlavní autor: | |
|---|---|
| Médium: | E-kniha |
| Jazyk: | Czech |
| Témata: | |
| Tagy: |
Žádné tagy |
| LEADER | 01572nam a2200169 4500 | ||
|---|---|---|---|
| 001 | 5233745 | ||
| 003 | CZ-PrMKP | ||
| 005 | 20260413131618.8 | ||
| 008 | 260422n----------------------------cze-- | ||
| 040 | |a ABG001 |b cze | ||
| 072 | 7 | |a 821.162.3-3 |x Česká próza |2 Konspekt |9 25 | |
| 100 | 1 | |a Lustig, Arnošt, |d 1926-2011 |7 jk01072683 |4 aut | |
| 245 | 1 | 0 | |a Nemáme na vybranou / |c Arnošt Lustig |
| 520 | 2 | |a Psychologická novela, ve které dva mladí hrdinové hledají v nové vlasti svou identitu. |b Pilot Johny a válečný dopisovatel Dany se setkávají krátce po válce v Izraeli. Oba se znají z Československa, kde Johny prodělal letecký výcvik a Dany byl novinářem. Během jednoho dne příměří v izraelsko - arabském konfliktu dozrává nejen jejich přátelství, ale i oni sami. Johny osnuje plán pomsty vůči arabské vesnici, která umučila dva jeho kamarády. Ve filozofujících rozhovorech řeší mladíci svou traumatickou minulost, otázku, zda lze mít ještě víru v budoucnost, je-li možné právo na pomstu zaměnit za touhu po spravedlnosti, existuje-li spojnice mezi krutostí a snahou po usmíření. Edice Lustigových děl v elektronické podobě vznikla ve spolupráci s Prahou městem literatury v rámci projektu Nadačního fondu Arnošta Lustiga s názvem FestivAL100, jímž se oslavilo 100. výročí spisovatelova narození. Ke zpracování bylo zvoleno vždy poslední knižní vydání za autorova života, kde provedl definitivní úpravy textu. | |
| 655 | 7 | |a české novely |7 fd133969 |2 czenas | |
| 655 | 9 | |a Czech novellas |2 eczenas | |
| 910 | |a ABG001 | ||